000 00265 a2200097 4500
000 nam a22 7a 4500
020 _a9781472439932
100 _aLaukkanen, Mauri
245 _aComparative causal mapping : the CMAP3 method
260 _bGower Publishing Limited,
_c2015
999 _c85592
_d85592